| 000 | 00426nam a2200145Ia 4500 | ||
|---|---|---|---|
| 008 | 151213s9999 xx 000 0 und d | ||
| 100 | _aAddria Doff & Christopher Jones | ||
| 245 |
_aLanguage In Use Upper - Intermediate _cAddria Doff & Christopher Jones |
||
| 260 |
_aNew Dilhi _bCambridge _c2004 |
||
| 300 | _a2397 p. | ||
| 650 | _aEnglish | ||
| 650 | _aEnglish | ||
| 700 | _aAddria Doff & Christopher Jones | ||
| 999 |
_c1677 _d1677 |
||